Sports Quiz

Random Sports or NHL Quiz

NHL Norris Trophy Winners Quiz Stats

 Plays Quiz Updated Jan 7, 2019

Score 0/65 Timer 05:00
2 Plays Today
Year Player % Correct
1967-68Bobby Orr
90.2%
1968-69Bobby Orr
90.2%
1969-70Bobby Orr
90.2%
1970-71Bobby Orr
90.2%
1971-72Bobby Orr
90.2%
1972-73Bobby Orr
90.2%
1973-74Bobby Orr
90.2%
1974-75Bobby Orr
90.2%
2000-01Nicklas Lidstrom
90.1%
2001-02Nicklas Lidstrom
90.1%
2002-03Nicklas Lidstrom
90.1%
2005-06Nicklas Lidstrom
90.1%
2006-07Nicklas Lidstrom
90.1%
2007-08Nicklas Lidstrom
90.1%
2016-17Brent Burns
86.8%
2013-14Duncan Keith
86.8%
2012-13P.K. Subban
86%
2014-15Erik Karlsson
85.6%
2015-16Drew Doughty
84.6%
2017-18Victor Hedman
84.3%
2018-19Mark Giordano
82.2%
2011-12Erik Karlsson
80.3%
2008-09Zdeno Chara
78.2%
1986-87Ray Bourque
74.7%
1987-88Ray Bourque
74.7%
1989-90Ray Bourque
74.7%
1990-91Ray Bourque
74.7%
1993-94Ray Bourque
74.7%
1999-00Chris Pronger
74.4%
1991-92Brian Leetch
70.4%
1996-97Brian Leetch
70.4%
1984-85Paul Coffey
68.4%
1985-86Paul Coffey
68.4%
Year Player % Correct
1994-95Paul Coffey
68.4%
1988-89Chris Chelios
66.4%
1992-93Chris Chelios
66.4%
1995-96Chris Chelios
66.4%
2003-04Scott Niedermayer
61.8%
1998-99Al MacInnis
61.7%
2009-10Duncan Keith
58.9%
1997-98Rob Blake
55.5%
2010-11Nicklas Lidstrom
53.9%
1975-76Denis Potvin
52.1%
1977-78Denis Potvin
52.1%
1978-79Denis Potvin
52.1%
1976-77Larry Robinson
48.7%
1979-80Larry Robinson
48.7%
1954-55Doug Harvey
38.9%
1955-56Doug Harvey
38.9%
1956-57Doug Harvey
38.9%
1957-58Doug Harvey
38.9%
1959-60Doug Harvey
38.9%
1960-61Doug Harvey
38.9%
1961-62Doug Harvey
38.9%
1982-83Rod Langway
33.6%
1983-84Rod Langway
33.6%
1980-81Randy Carlyle
22.5%
1962-63Pierre Pilote
21.9%
1963-64Pierre Pilote
21.9%
1964-65Pierre Pilote
21.9%
1981-82Doug Wilson
21.6%
1953-54Red Kelly
18.9%
1958-59Tom Johnson
13.5%
1966-67Harry Howell
13.4%
1965-66Jacques Laperriere
10.4%

You're not logged in!

Compare scores with friends on all Sporcle quizzes.
OR
Log In

Sporcle TV

Today on Sporcle TV


Watch our educational content, quiz creation guides, and fun videos on Sporcle TV.

Show Comments

Extras

Top Quizzes Today


Score Distribution

Your Account Isn't Verified!

In order to create a playlist on Sporcle, you need to verify the email address you used during registration. Go to your Sporcle Settings to finish the process.

Report this User

Report this user for behavior that violates our Community Guidelines.

Details: